Understanding UK annual reports and accounts : a case study approach /

This book is about: Financial reporting in the UK; The annual report and accounts; Reports and reviews; The balance sheet; The profit and loss account; ...

Gorde:
Xehetasun bibliografikoak
Egile nagusia: Laidler, J.
Beste egile batzuk: Donaghy, Peter.
Formatua: Liburua
Hizkuntza:English
Argitaratua: London ; Boston : International Thomson Business Press, 1998.
Gaiak:
Etiketak: Etiketa erantsi
Etiketarik gabe, Izan zaitez lehena erregistro honi etiketa jartzen!
Thư viện lưu trữ: Mạng thư viện Đại học Đà Nẵng
LEADER 01149cam a2200349 i 4500
001 000049108
003 8837
005 20051111142450.0
008 010320b1998 vm 000 eng
020 |a 186152109X 
040 |a IRC  |c IRC  |d IRC 
041 0 |a eng 
082 1 4 |a 657.30941  |b LA-J 
100 1 |a Laidler, J. 
245 0 0 |a Understanding UK annual reports and accounts :  |b a case study approach /  |c John Laidler and Peter Donaghy. 
260 |a London ; Boston :  |b International Thomson Business Press,  |c 1998. 
300 |a ix, 208 p. :  |b ill. ;  |c 24.5cm. 
520 3 |a This book is about: Financial reporting in the UK; The annual report and accounts; Reports and reviews; The balance sheet; The profit and loss account; ... 
630 0 4 |a Finance. 
650 0 4 |a Financial statements  |z Great Britain. 
650 0 4 |a Financial statements  |z Great Britain  |x Case studies. 
700 1 |a Donaghy, Peter. 
OWN |a DUT 
999 |a From the UDN01 
TYP |a Monograph 
TYP |a Printed language 
980 |a Mạng thư viện Đại học Đà Nẵng